Análisis comparativo: armas y violencia social en Centroamérica. Análisis comparativo de las legislaciones Centroamericanas en materia de armas
Guardado en:
| Formato: | Texto |
|---|---|
| Materias: | |
| Etiquetas: |
Agregar Etiqueta
Sin Etiquetas, Sea el primero en etiquetar este registro!
|
MARC
| LEADER | 00000 a a2200000 04500 | ||
|---|---|---|---|
| 001 | 5019 | ||
| 003 | |||
| 040 | |||
| 245 | |a Análisis comparativo: armas y violencia social en Centroamérica. Análisis comparativo de las legislaciones Centroamericanas en materia de armas | ||
| 650 | |a SEGURIDAD SOCIAL | ||
| 650 | |a ARMAS | ||
| 650 | |a VIOLENCIA | ||
| 650 | |a POLITICA SOCIAL | ||
| 650 | |a DELINCUENCIA | ||
| 650 | |a LEGISLACION | ||
| 650 | |a DELITOS | ||
| 650 | |a ARMAS | ||
| 650 | |a SEGURIDAD | ||
| 773 | |g número 44; páginas 3-55 | ||
| 999 | |c 29537 |d 29537 | ||
